000 00555nam a2200193 a 4500
005 20240806063819.0
008 071128s2005 mx r 000 0 spa d
020 _a9685830436
035 _aUPN01000168470
049 _aI
050 4 _aPZ7
_bJ4.3
100 1 _aJefferies, Cindy
245 1 0 _aEscuela de fama :
_bambición secreta.
_cCindy Jefferies ; tr. Alicia Lorefice.
260 _aMéxico :
_bLumen,
_c2005.
300 _a132 p.
650 4 _aLiteratura juvenil
_95153
650 4 _aLIBROS Y LECTURA PARA LA JUVENTUD
_910549
905 _aInfantil
999 _c140577
_d140577